1850 1166 1622 1015 1401 1460 1450 1838 1153 1474 1998 1035 1907 1370 1429 1002 1559 1717 1934 1977 1884 1453 1536 1913 1803 1449 1173 1530 1408 1086 1974 1115 1259 1714 1565 1526 1127 1782 1270 1352 1081 1872 1286 1335 1303 1532 1511 1810 1480 1963 1214 1493 1468 1004 1970 1810 1158 1305 1084 1139 1062 1664 1318 1344 1997 1842 1796 1552 1610 1001 1913 1630 1493 1515 1576 1965 1324 1213 1102 1440 1866 1308 1617 1925 1416 1807 1737 1399 1372 1807 1568 1587 1401 1534 1359 1601 1256 1886 1770 BCNSPRNW ULIB Ver.6.0+V

เปลี่ยนเป็นภาษาไทย

Change to English
 แสดงรายละเอียดบรรณานุกรม
  กลับหน้าหลัก

Brief Record : Get Marc (ISO 2709) : E-mail record : QR code < ปิดหน้าต่าง
LEADER : 00000nam 2200000uu 4500
001    13399124697
003     ULIB
008    160115s2008||||th 000 0 eng d
020    ^a974933258X (pbk.
060  4 WA100^bK817
100 0  ^aKomatra Chuengsatiansup
245 10 ^aDeliberative action :^bcivil society and health systems reform in Thailand /^cKomatra Chuengsatiansup
250    2nd ed
260    ^aBangkok :^bSociety and health institute (SHI), ^cc2008.
300    ^a160 p. ;^c21 cm.
650  0 ^aHealth care reform^zThailand^xResearch
650  0 ^aHealth Systems Plans^zThailand
650  0 ^aPublic health administration^zThailand
650  0 ^aPublic health^zThailand^xCitizen participation
710 1  ^aSociety and Health Institute (SHI)
945    ^p0^l0^i000244
999    ^aเกษร โพธิ์สุวรรณ
รายการนี้ยังไม่มีแท็ก
คุณยังไม่ได้ล็อกอิน คุณสามารถมีกิจกรรมร่วมกับเว็บไซต์ได้ แต่ต้องล็อกอินก่อน ::
  ล็อกอิน

รายการสื่อสารสนเทศ

ลำดับที่ ประเภท เลขเรียก/บาร์โค้ด สถานที่ สถานะ
1. การศึกษาทั่วไป
การศึกษาทั่วไป
WA100 K817 ฉ.1 
  Barcode: 000244
ห้องสมุดวิทยาเขตสวรรค์ประชารักษ์
►หนังสือทั่วไป
บนชั้น

BibComment


ยังไม่เคยถูกคอมเมนท์

คอมเมนท์ทรัพยากรรายการนี้
  คอมเมนท์: Deliberative act..


 Copyright 2026. Bcnsprnw @Library